Evaluación de políticas públicas / (Registro nro. 5128)
[ vista simple ]
| 000 -LEADER | |
|---|---|
| fixed length control field | 01206nam a2200265Ia 4500 |
| 003 - CONTROL NUMBER IDENTIFIER | |
| control field | OSt |
| 005 - DATE AND TIME OF LATEST TRANSACTION | |
| control field | 20201111094014.0 |
| 008 - FIXED-LENGTH DATA ELEMENTS--GENERAL INFORMATION | |
| fixed length control field | 191128s2011 ck gr 000 0 spa d |
| 020 ## - INTERNATIONAL STANDARD BOOK NUMBER | |
| International Standard Book Number | 9786070303425 |
| 040 ## - CATALOGING SOURCE | |
| Original cataloging agency | CO-JMCR |
| Transcribing agency | CO-JMCR |
| 041 0# - LANGUAGE CODE | |
| Language code of text/sound track or separate title | spa |
| 082 04 - DEWEY DECIMAL CLASSIFICATION NUMBER | |
| Classification number | 320.6 / |
| Item number | S161e |
| Edition number | 21 |
| 100 1# - MAIN ENTRY--PERSONAL NAME | |
| Personal name | Salcedo, Roberto, |
| Relator term | compilador |
| 9 (RLIN) | 2117 |
| 245 10 - TITLE STATEMENT | |
| Title | Evaluación de políticas públicas / |
| Statement of responsibility, etc. | compilador, Roberto Salcedo |
| 250 ## - EDITION STATEMENT | |
| Edition statement | Primera edición |
| 260 ## - PUBLICATION, DISTRIBUTION, ETC. | |
| Place of publication, distribution, etc. | Bogotá : |
| Name of publisher, distributor, etc. | Siglo XXI, |
| Date of publication, distribution, etc. | 2011 |
| 300 ## - PHYSICAL DESCRIPTION | |
| Extent | 251 páginas ; |
| Dimensions | 20 cm. |
| 490 0# - SERIES STATEMENT | |
| Series statement | Biblioteca básica de administración pública ; |
| Volume/sequential designation | 13 |
| 504 ## - BIBLIOGRAPHY, ETC. NOTE | |
| Bibliography, etc. note | Bibliografía: páginas 250-252 |
| 505 0# - FORMATTED CONTENTS NOTE | |
| Formatted contents note | Evaluación de políticas públicas -- Análisis y evaluación de las políticas públicas -- Indicadores de desempeño -- La evaluación en el marco del análisis de políticas públicas |
| 520 ## - SUMMARY, ETC. | |
| Summary, etc. | El libro esta integrado por cinco ensayos que definen los conceptos clave de evaluación de políticas públicas, análisis de políticas públicas, elaboración de políticas públicas e indicadores de desempeño para auditores. |
| 546 ## - LANGUAGE NOTE | |
| Language note | spa |
| 650 14 - SUBJECT ADDED ENTRY--TOPICAL TERM | |
| Topical term or geographic name entry element | Políticas públicas |
| General subdivision | Indicador de desempeño |
| 9 (RLIN) | 2118 |
| 942 ## - ADDED ENTRY ELEMENTS (KOHA) | |
| Source of classification or shelving scheme | Dewey Decimal Classification |
| Koha item type | Books |
| Withdrawn status | Lost status | Source of classification or shelving scheme | Damaged status | Not for loan | Collection code | Home library | Current library | Date acquired | Source of acquisition | Cost, normal purchase price | Total Checkouts | Total Renewals | Full call number | Barcode | Date last seen | Date last checked out | Copy number | Koha item type |
|---|---|---|---|---|---|---|---|---|---|---|---|---|---|---|---|---|---|---|
| Dewey Decimal Classification | Non-fiction | Biblioteca Pública José María del Castillo y Rada | Biblioteca Pública José María del Castillo y Rada | 04/15/2018 | Donación | 0.00 | 6 | 10 | 320.6 / S161e | 430001339 | 05/16/2024 | 07/13/2021 | Ej.1 | Books |